[Event "ODJM A 2024"]
[Site "Willingen GER"]
[Date "2024.05.22"]
[Round "6"]
[White "Heimann, Alexander"]
[Black "Wendt, Felix"]
[Result "1/2-1/2"]
[Termination "normal"]
[Board "27"]
[WhiteElo "1927"]
[BlackElo "1766"]
[WhiteClock "00:15:17"]
[BlackClock "00:46:34"]
[PlyCount "48"]
[WhiteFideId "16215346"]
[BlackFideId "34663592"]
[EventCountry "GER"]
[EventRounds "9"]
[EventType "swiss"]
[EventDate "2024.05.18"]

1. d4 {[%clk 01:30:57]} {[%emt 00:00:03]} d5 {[%clk 01:30:56]} {[%emt
00:00:05]} 2. c4 {[%clk 01:30:39]} {[%emt 00:00:48]} e6 {[%clk 01:31:20]}
{[%emt 00:00:06]} 3. Nc3 {[%clk 01:30:56]} {[%emt 00:00:14]} Nf6 {[%clk
01:31:43]} {[%emt 00:00:07]} 4. Bg5 {[%clk 01:30:32]} {[%emt 00:00:54]} dxc4
{[%clk 01:31:31]} {[%emt 00:00:43]} 5. e3 {[%clk 01:30:24]} {[%emt 00:00:36]}
c5 {[%clk 01:31:04]} {[%emt 00:00:58]} 6. dxc5 {[%clk 01:29:47]} {[%emt
00:01:07]} Qxd1+ {[%clk 01:30:47]} {[%emt 00:00:47]} 7. Rxd1 {[%clk 01:30:06]}
{[%emt 00:00:11]} Nbd7 {[%clk 01:31:07]} {[%emt 00:00:11]} 8. Bxc4 {[%clk
01:30:11]} {[%emt 00:00:25]} Bxc5 {[%clk 01:31:33]} {[%emt 00:00:04]} 9. Nf3
{[%clk 01:27:17]} {[%emt 00:03:24]} O-O {[%clk 01:31:51]} {[%emt 00:00:11]} 10.
O-O {[%clk 01:23:15]} {[%emt 00:04:31]} a6 {[%clk 01:25:59]} {[%emt 00:06:23]}
11. a4 {[%clk 01:19:10]} {[%emt 00:04:35]} b6 {[%clk 01:24:10]} {[%emt
00:02:19]} 12. Rd3 {[%clk 01:01:15]} {[%emt 00:18:24]} Bb7 {[%clk 01:20:27]}
{[%emt 00:04:13]} 13. Bxf6 {[%clk 00:57:33]} {[%emt 00:04:12]} Nxf6 {[%clk
01:19:22]} {[%emt 00:01:34]} 14. Rfd1 {[%clk 00:51:57]} {[%emt 00:06:06]} Ng4
{[%clk 01:11:33]} {[%emt 00:08:20]} 15. R3d2 {[%clk 00:43:59]} {[%emt
00:08:27]} Rfc8 {[%clk 01:02:46]} {[%emt 00:09:17]} 16. Be2 {[%clk 00:38:42]}
{[%emt 00:05:47]} Kf8 {[%clk 00:59:52]} {[%emt 00:03:24]} 17. h3 {[%clk
00:28:21]} {[%emt 00:10:52]} Nf6 {[%clk 00:56:42]} {[%emt 00:03:39]} 18. Ne5
{[%clk 00:24:02]} {[%emt 00:04:50]} Ke8 {[%clk 00:56:54]} {[%emt 00:00:18]} 19.
Nc4 {[%clk 00:22:20]} {[%emt 00:02:12]} Rd8 {[%clk 00:46:28]} {[%emt 00:10:56]}
20. Nd6+ {[%clk 00:21:01]} {[%emt 00:01:49]} Bxd6 {[%clk 00:46:49]} {[%emt
00:00:10]} 21. Rxd6 {[%clk 00:21:24]} {[%emt 00:00:07]} Rxd6 {[%clk 00:47:16]}
{[%emt 00:00:03]} 22. Rxd6 {[%clk 00:21:42]} {[%emt 00:00:12]} Nd7 {[%clk
00:47:39]} {[%emt 00:00:06]} 23. f4 {[%clk 00:15:07]} {[%emt 00:07:04]} Ke7
{[%clk 00:47:28]} {[%emt 00:00:43]} 24. Rd4 {[%clk 00:15:17]} {[%emt 00:00:19]}
a5 {[%clk 00:46:34]} {[%emt 00:01:24]} 1/2-1/2

[Event "ODJM A 2024"]
[Site "Willingen GER"]
[Date "2024.05.22"]
[Round "6"]
[White "Dietlmeier, Tobias"]
[Black "Mainka, Ingmar"]
[Result "1/2-1/2"]
[Termination "normal"]
[Board "28"]
[WhiteElo "1936"]
[BlackElo "1879"]
[WhiteClock "00:26:17"]
[BlackClock "00:38:03"]
[PlyCount "114"]
[WhiteFideId "16213963"]
[BlackFideId "16254937"]
[EventCountry "GER"]
[EventRounds "9"]
[EventType "swiss"]
[EventDate "2024.05.18"]

1. e4 {[%clk 01:30:49]} {[%emt 00:00:10]} c5 {[%clk 01:30:57]} {[%emt
00:00:03]} 2. Nc3 {[%clk 01:31:12]} {[%emt 00:00:07]} Nc6 {[%clk 01:31:22]}
{[%emt 00:00:05]} 3. Bb5 {[%clk 01:31:29]} {[%emt 00:00:13]} Nd4 {[%clk
01:31:44]} {[%emt 00:00:09]} 4. Nf3 {[%clk 01:31:30]} {[%emt 00:00:28]} a6
{[%clk 01:31:42]} {[%emt 00:00:32]} 5. Bd3 {[%clk 01:31:13]} {[%emt 00:00:46]}
g6 {[%clk 01:31:32]} {[%emt 00:00:40]} 6. O-O {[%clk 01:29:25]} {[%emt
00:02:18]} Bg7 {[%clk 01:31:40]} {[%emt 00:00:22]} 7. Re1 {[%clk 01:29:02]}
{[%emt 00:00:53]} Nh6 {[%clk 01:28:47]} {[%emt 00:03:23]} 8. h3 {[%clk
01:18:24]} {[%emt 00:11:08]} O-O {[%clk 01:28:44]} {[%emt 00:00:33]} 9. a4
{[%clk 01:15:16]} {[%emt 00:03:38]} d6 {[%clk 01:21:40]} {[%emt 00:07:34]} 10.
Bf1 {[%clk 01:06:58]} {[%emt 00:08:48]} f5 {[%clk 01:20:57]} {[%emt 00:01:13]}
11. d3 {[%clk 00:55:18]} {[%emt 00:12:10]} Nf7 {[%clk 01:03:24]} {[%emt
00:18:02]} 12. Nxd4 {[%clk 00:53:22]} {[%emt 00:02:26]} cxd4 {[%clk 01:02:15]}
{[%emt 00:01:39]} 13. Ne2 {[%clk 00:52:16]} {[%emt 00:01:36]} e5 {[%clk
01:01:29]} {[%emt 00:01:16]} 14. c3 {[%clk 00:52:01]} {[%emt 00:00:46]} fxe4
{[%clk 00:56:51]} {[%emt 00:05:08]} 15. dxe4 {[%clk 00:51:22]} {[%emt
00:01:09]} Ng5 {[%clk 00:54:38]} {[%emt 00:02:43]} 16. Bxg5 {[%clk 00:50:30]}
{[%emt 00:01:21]} Qxg5 {[%clk 00:55:03]} {[%emt 00:00:05]} 17. cxd4 {[%clk
00:50:43]} {[%emt 00:00:18]} Qf6 {[%clk 00:52:40]} {[%emt 00:02:53]} 18. Qb3+
{[%clk 00:49:45]} {[%emt 00:01:28]} Kh8 {[%clk 00:52:56]} {[%emt 00:00:14]} 19.
Qg3 {[%clk 00:49:40]} {[%emt 00:00:34]} exd4 {[%clk 00:50:21]} {[%emt
00:03:05]} 20. Rad1 {[%clk 00:49:42]} {[%emt 00:00:28]} Qe5 {[%clk 00:30:47]}
{[%emt 00:20:04]} 21. Nxd4 {[%clk 00:47:47]} {[%emt 00:02:25]} Qxg3 {[%clk
00:29:30]} {[%emt 00:01:48]} 22. fxg3 {[%clk 00:48:05]} {[%emt 00:00:12]} Bd7
{[%clk 00:29:48]} {[%emt 00:00:12]} 23. b3 {[%clk 00:47:32]} {[%emt 00:01:03]}
Rac8 {[%clk 00:30:17]} {[%emt 00:00:02]} 24. Bc4 {[%clk 00:46:39]} {[%emt
00:01:23]} Be5 {[%clk 00:28:34]} {[%emt 00:02:12]} 25. Kh2 {[%clk 00:44:09]}
{[%emt 00:03:01]} Bxa4 {[%clk 00:27:41]} {[%emt 00:01:24]} 26. Be6 {[%clk
00:33:38]} {[%emt 00:10:59]} Rce8 {[%clk 00:26:46]} {[%emt 00:01:25]} 27. bxa4
{[%clk 00:32:43]} {[%emt 00:05:44]} Bxd4 {[%clk 00:27:12]} 28. Rxd4 {[%clk
00:29:39]} {[%emt 00:00:16]} Rxe6 {[%clk 00:27:38]} 29. Rb1 {[%clk 00:29:32]}
{[%emt 00:00:05]} Rf7 {[%clk 00:27:30]} {[%emt 00:00:17]} 30. Rb6 {[%clk
00:20:58]} {[%emt 00:09:04]} Rfe7 {[%clk 00:27:27]} {[%emt 00:00:33]} 31. Rbb4
{[%clk 00:20:35]} {[%emt 00:00:53]} Kg7 {[%clk 00:26:11]} {[%emt 00:01:45]} 32.
g4 {[%clk 00:20:50]} {[%emt 00:00:15]} g5 {[%clk 00:22:49]} {[%emt 00:03:52]}
33. Kg3 {[%clk 00:20:52]} {[%emt 00:00:27]} Rc7 {[%clk 00:22:48]} {[%emt
00:00:32]} 34. Rb3 {[%clk 00:19:18]} {[%emt 00:02:04]} Kf6 {[%clk 00:21:31]}
{[%emt 00:01:47]} 35. Kf3 {[%clk 00:19:21]} {[%emt 00:00:28]} h6 {[%clk
00:21:22]} {[%emt 00:00:38]} 36. Rdb4 {[%clk 00:16:19]} {[%emt 00:03:32]} Ree7
{[%clk 00:21:24]} {[%emt 00:00:27]} 37. Rb6 {[%clk 00:14:45]} {[%emt 00:02:05]}
Ke5 {[%clk 00:21:05]} {[%emt 00:00:48]} 38. Rd3 {[%clk 00:14:13]} {[%emt
00:01:03]} Rc6 {[%clk 00:20:43]} {[%emt 00:00:53]} 39. Rb4 {[%clk 00:07:57]}
{[%emt 00:06:46]} Rec7 {[%clk 00:14:27]} {[%emt 00:07:53]} 40. Rbd4 {[%clk
00:07:21]} {[%emt 00:00:08]} Rb6 {[%clk 00:14:35]} {[%emt 00:00:13]} 41. Rd5+
{[%clk 00:06:24]} {[%emt 00:01:27]} Ke6 {[%clk 00:15:04]} 42. h4 {[%clk
00:05:52]} {[%emt 00:01:02]} gxh4 {[%clk 00:10:10]} {[%emt 00:06:51]} 43. Rh5
{[%clk 00:05:53]} {[%emt 00:00:04]} Rf7+ {[%clk 00:10:38]} 44. Ke3 {[%clk
00:04:47]} {[%emt 00:00:36]} Rf6 {[%clk 00:11:03]} {[%emt 00:00:05]} 45. Rxh4
{[%clk 00:04:03]} {[%emt 00:01:13]} Rb2 {[%clk 00:08:30]} {[%emt 00:03:03]} 46.
g3 {[%clk 00:28:26]} {[%emt 00:06:08]} Ra2 {[%clk 00:38:42]} {[%emt 00:00:18]}
47. Rb3 {[%clk 00:24:06]} {[%emt 00:04:50]} Rxa4 {[%clk 00:38:17]} {[%emt
00:00:55]} 48. Rxb7 {[%clk 00:24:25]} {[%emt 00:00:11]} Ra3+ {[%clk 00:38:25]}
{[%emt 00:00:22]} 49. Kd4 {[%clk 00:24:36]} {[%emt 00:00:18]} Rxg3 {[%clk
00:37:49]} {[%emt 00:01:06]} 50. Rb6 {[%clk 00:24:26]} {[%emt 00:00:40]} Ra3
{[%clk 00:37:37]} {[%emt 00:00:42]} 51. Rxd6+ {[%clk 00:24:38]} {[%emt
00:00:18]} Kxd6 {[%clk 00:37:51]} {[%emt 00:00:16]} 52. e5+ {[%clk 00:25:00]}
{[%emt 00:00:09]} Ke6 {[%clk 00:36:25]} {[%emt 00:01:56]} 53. exf6 {[%clk
00:25:19]} {[%emt 00:00:11]} Kxf6 {[%clk 00:36:46]} {[%emt 00:00:09]} 54. Rxh6+
{[%clk 00:25:40]} {[%emt 00:00:08]} Kg5 {[%clk 00:37:13]} {[%emt 00:00:03]} 55.
Rh8 {[%clk 00:25:50]} {[%emt 00:00:19]} Kxg4 {[%clk 00:37:35]} {[%emt
00:00:08]} 56. Kc5 {[%clk 00:26:03]} {[%emt 00:00:18]} Ra1 {[%clk 00:37:46]}
{[%emt 00:00:18]} 57. Ra8 {[%clk 00:26:17]} {[%emt 00:00:17]} a5 {[%clk
00:38:03]} {[%emt 00:00:13]} 1/2-1/2

[Event "ODJM A 2024"]
[Site "Willingen GER"]
[Date "2024.05.22"]
[Round "6"]
[White "Möller, Tom"]
[Black "Hoffmann, Alexander"]
[Result "1-0"]
[Termination "normal"]
[Board "29"]
[WhiteElo "1902"]
[BlackElo "1901"]
[WhiteClock "00:31:22"]
[BlackClock "00:29:09"]
[PlyCount "89"]
[WhiteFideId "16287215"]
[BlackFideId "16240219"]
[EventCountry "GER"]
[EventRounds "9"]
[EventType "swiss"]
[EventDate "2024.05.18"]

1. d4 {[%clk 01:30:59]} d5 {[%clk 01:30:53]} {[%emt 00:00:07]} 2. Nc3 {[%clk
01:31:20]} {[%emt 00:00:09]} Nf6 {[%clk 01:31:02]} {[%emt 00:00:21]} 3. Bf4
{[%clk 01:31:47]} {[%emt 00:00:04]} c5 {[%clk 01:30:57]} {[%emt 00:00:34]} 4.
e3 {[%clk 01:32:12]} {[%emt 00:00:05]} cxd4 {[%clk 01:31:12]} {[%emt 00:00:15]}
5. exd4 {[%clk 01:32:36]} {[%emt 00:00:06]} a6 {[%clk 01:31:25]} {[%emt
00:00:18]} 6. Nf3 {[%clk 01:31:26]} {[%emt 00:01:40]} Nc6 {[%clk 01:30:57]}
{[%emt 00:00:58]} 7. Ne5 {[%clk 01:31:02]} {[%emt 00:00:55]} Bf5 {[%clk
01:30:07]} {[%emt 00:01:19]} 8. Be2 {[%clk 01:26:27]} {[%emt 00:05:05]} e6
{[%clk 01:29:44]} {[%emt 00:00:53]} 9. g4 {[%clk 01:25:31]} {[%emt 00:01:26]}
Bg6 {[%clk 01:25:40]} {[%emt 00:04:34]} 10. h4 {[%clk 01:25:52]} {[%emt
00:00:09]} Nb4 {[%clk 01:00:34]} {[%emt 00:25:36]} 11. Rc1 {[%clk 01:23:03]}
{[%emt 00:03:19]} Qa5 {[%clk 00:57:33]} {[%emt 00:03:30]} 12. a3 {[%clk
01:20:37]} {[%emt 00:02:57]} Na2 {[%clk 00:55:05]} {[%emt 00:02:58]} 13. h5
{[%clk 01:16:10]} {[%emt 00:04:57]} Nxc1 {[%clk 00:53:11]} {[%emt 00:02:24]}
14. hxg6 {[%clk 01:12:56]} {[%emt 00:03:43]} Nxe2 {[%clk 00:52:17]} {[%emt
00:01:25]} 15. gxf7+ {[%clk 01:13:14]} {[%emt 00:00:13]} Kd8 {[%clk 00:48:52]}
{[%emt 00:03:55]} 16. Qxe2 {[%clk 01:12:02]} {[%emt 00:01:41]} Bxa3 {[%clk
00:45:27]} {[%emt 00:03:54]} 17. Ng6 {[%clk 01:08:54]} {[%emt 00:03:39]} Kd7
{[%clk 00:42:23]} {[%emt 00:03:34]} 18. Nxh8 {[%clk 01:04:05]} {[%emt
00:05:19]} Bxb2 {[%clk 00:35:30]} {[%emt 00:07:23]} 19. Qe5 {[%clk 00:59:20]}
{[%emt 00:05:15]} Bxc3+ {[%clk 00:29:36]} {[%emt 00:06:25]} 20. Kf1 {[%clk
00:59:39]} {[%emt 00:00:11]} Qb6 {[%clk 00:26:14]} {[%emt 00:03:52]} 21. Be3
{[%clk 00:56:02]} {[%emt 00:04:08]} Rxh8 {[%clk 00:22:03]} {[%emt 00:04:40]}
22. g5 {[%clk 00:47:56]} {[%emt 00:08:36]} Qd6 {[%clk 00:20:27]} {[%emt
00:02:06]} 23. gxf6 {[%clk 00:44:49]} {[%emt 00:03:37]} Qxe5 {[%clk 00:19:22]}
{[%emt 00:01:35]} 24. dxe5 {[%clk 00:44:56]} {[%emt 00:00:24]} Bxe5 {[%clk
00:16:15]} {[%emt 00:03:37]} 25. Rxh7 {[%clk 00:45:05]} {[%emt 00:00:21]} Rxh7
{[%clk 00:15:10]} {[%emt 00:01:35]} 26. f8=Q {[%clk 00:45:26]} {[%emt
00:00:09]} Bxf6 {[%clk 00:14:55]} {[%emt 00:00:45]} 27. Bc5 {[%clk 00:44:40]}
{[%emt 00:05:18]} Be5 {[%clk 00:12:13]} {[%emt 00:00:14]} 28. Qe7+ {[%clk
00:44:12]} {[%emt 00:00:08]} Kc6 {[%clk 00:12:28]} 29. Ba3 {[%clk 00:40:20]}
{[%emt 00:04:22]} Rh6 {[%clk 00:12:18]} {[%emt 00:00:40]} 30. Qc5+ {[%clk
00:39:43]} {[%emt 00:01:07]} Kd7 {[%clk 00:12:45]} {[%emt 00:00:04]} 31. Qb6
{[%clk 00:39:12]} {[%emt 00:00:59]} Kc8 {[%clk 00:11:56]} {[%emt 00:01:20]} 32.
Be7 {[%clk 00:36:47]} {[%emt 00:02:54]} Bc7 {[%clk 00:12:17]} {[%emt 00:00:10]}
33. Qc5 {[%clk 00:36:01]} {[%emt 00:01:15]} g6 {[%clk 00:08:34]} {[%emt
00:04:14]} 34. Ke2 {[%clk 00:21:17]} {[%emt 00:15:14]} Kd7 {[%clk 00:08:09]}
{[%emt 00:00:55]} 35. Bg5 {[%clk 00:19:55]} {[%emt 00:01:52]} Rh7 {[%clk
00:07:05]} {[%emt 00:01:34]} 36. Qd4 {[%clk 00:14:21]} {[%emt 00:09:09]} Rf7
{[%clk 00:06:19]} {[%emt 00:00:04]} 37. c4 {[%clk 00:11:11]} {[%emt 00:01:48]}
Kc6 {[%clk 00:05:54]} {[%emt 00:00:55]} 38. cxd5+ {[%clk 00:09:12]} {[%emt
00:02:29]} exd5 {[%clk 00:06:21]} {[%emt 00:00:03]} 39. Qa4+ {[%clk 00:08:56]}
{[%emt 00:00:45]} Kc5 {[%clk 00:04:43]} {[%emt 00:03:48]} 40. Be3+ {[%clk
00:06:21]} {[%emt 00:01:24]} Kd6 {[%clk 00:05:04]} {[%emt 00:00:10]} 41. Bf4+
{[%clk 00:06:44]} {[%emt 00:00:07]} Ke6 {[%clk 00:04:32]} {[%emt 00:01:02]} 42.
Qe8+ {[%clk 00:01:08]} {[%emt 00:06:06]} Kf6 {[%clk 00:02:40]} {[%emt
00:02:23]} 43. Qh8+ {[%clk 00:01:14]} {[%emt 00:00:22]} Ke6 {[%clk 00:02:00]}
{[%emt 00:01:11]} 44. Qc8+ {[%clk 00:01:01]} {[%emt 00:00:43]} Kf6 {[%clk
00:29:09]} {[%emt 00:03:21]} 45. Bxc7 {[%clk 00:31:22]} {[%emt 00:00:09]} 1-0

[Event "ODJM A 2024"]
[Site "Willingen GER"]
[Date "2024.05.22"]
[Round "6"]
[White "Klahold, Rona"]
[Black "Jansen, Malte"]
[Result "0-1"]
[Termination "normal"]
[Board "31"]
[WhiteElo "1779"]
[BlackElo "1835"]
[WhiteClock "00:09:17"]
[BlackClock "00:36:23"]
[PlyCount "90"]
[WhiteFideId "16222970"]
[BlackFideId "16295137"]
[EventCountry "GER"]
[EventRounds "9"]
[EventType "swiss"]
[EventDate "2024.05.18"]

1. e4 {[%clk 01:30:58]} {[%emt 00:00:01]} e5 {[%clk 01:30:45]} {[%emt
00:00:15]} 2. Nf3 {[%clk 01:31:17]} {[%emt 00:00:11]} Nc6 {[%clk 01:31:04]}
{[%emt 00:00:11]} 3. Bc4 {[%clk 01:31:31]} {[%emt 00:00:17]} Bc5 {[%clk
01:31:19]} {[%emt 00:00:15]} 4. c3 {[%clk 01:31:33]} {[%emt 00:00:27]} Nf6
{[%clk 01:31:32]} {[%emt 00:00:17]} 5. d3 {[%clk 01:31:42]} {[%emt 00:00:22]}
d6 {[%clk 01:31:32]} {[%emt 00:00:30]} 6. Nbd2 {[%clk 01:30:53]} {[%emt
00:01:19]} O-O {[%clk 01:31:06]} {[%emt 00:00:56]} 7. Bb3 {[%clk 01:30:27]}
{[%emt 00:00:56]} Ne7 {[%clk 01:30:05]} {[%emt 00:01:31]} 8. d4 {[%clk
01:28:56]} {[%emt 00:02:01]} exd4 {[%clk 01:29:58]} {[%emt 00:00:38]} 9. cxd4
{[%clk 01:29:14]} {[%emt 00:00:12]} Bb6 {[%clk 01:29:27]} {[%emt 00:01:00]} 10.
O-O {[%clk 01:27:44]} {[%emt 00:02:00]} Ng6 {[%clk 01:29:24]} {[%emt 00:00:33]}
11. Qc2 {[%clk 01:23:37]} {[%emt 00:04:38]} Re8 {[%clk 01:26:47]} {[%emt
00:03:07]} 12. Re1 {[%clk 01:20:23]} {[%emt 00:03:44]} Be6 {[%clk 01:24:44]}
{[%emt 00:02:33]} 13. Nc4 {[%clk 01:08:32]} {[%emt 00:12:20]} Bxc4 {[%clk
01:18:47]} {[%emt 00:06:27]} 14. Bxc4 {[%clk 01:07:26]} {[%emt 00:01:36]} d5
{[%clk 01:17:00]} {[%emt 00:02:17]} 15. Bd3 {[%clk 01:02:09]} {[%emt 00:05:47]}
dxe4 {[%clk 01:15:24]} {[%emt 00:02:06]} 16. Bxe4 {[%clk 00:54:28]} {[%emt
00:08:11]} c6 {[%clk 01:15:17]} {[%emt 00:00:37]} 17. Bg5 {[%clk 00:51:49]}
{[%emt 00:03:09]} h6 {[%clk 01:10:27]} {[%emt 00:05:20]} 18. Bxg6 {[%clk
00:46:45]} {[%emt 00:05:34]} Rxe1+ {[%clk 01:08:06]} {[%emt 00:02:52]} 19. Rxe1
{[%clk 00:46:39]} {[%emt 00:00:36]} hxg5 {[%clk 01:08:23]} {[%emt 00:00:13]}
20. Bxf7+ {[%clk 00:30:45]} {[%emt 00:16:25]} Kxf7 {[%clk 01:06:05]} {[%emt
00:02:47]} 21. Nxg5+ {[%clk 00:30:44]} {[%emt 00:00:32]} Kg8 {[%clk 01:05:47]}
{[%emt 00:00:48]} 22. Qg6 {[%clk 00:26:47]} {[%emt 00:04:27]} Qd7 {[%clk
01:03:04]} {[%emt 00:03:14]} 23. h4 {[%clk 00:23:27]} {[%emt 00:03:49]} Re8
{[%clk 01:02:14]} {[%emt 00:01:20]} 24. Re3 {[%clk 00:20:10]} {[%emt 00:03:48]}
Rxe3 {[%clk 00:59:44]} {[%emt 00:02:59]} 25. fxe3 {[%clk 00:20:27]} {[%emt
00:00:13]} Qe8 {[%clk 00:59:44]} {[%emt 00:00:30]} 26. Qd3 {[%clk 00:20:15]}
{[%emt 00:00:43]} Bd8 {[%clk 00:52:27]} {[%emt 00:07:48]} 27. Qb3+ {[%clk
00:19:19]} {[%emt 00:01:25]} Nd5 {[%clk 00:51:56]} {[%emt 00:01:00]} 28. Qxb7
{[%clk 00:16:57]} {[%emt 00:02:53]} Bxg5 {[%clk 00:51:14]} {[%emt 00:01:11]}
29. hxg5 {[%clk 00:17:16]} {[%emt 00:00:12]} Qxe3+ {[%clk 00:51:29]} {[%emt
00:00:15]} 30. Kh2 {[%clk 00:16:45]} {[%emt 00:01:01]} Qf4+ {[%clk 00:51:24]}
{[%emt 00:00:34]} 31. Kh1 {[%clk 00:16:42]} {[%emt 00:00:34]} Qh4+ {[%clk
00:51:39]} {[%emt 00:00:15]} 32. Kg1 {[%clk 00:17:02]} {[%emt 00:00:10]} Qxd4+
{[%clk 00:51:59]} {[%emt 00:00:10]} 33. Kh2 {[%clk 00:17:06]} {[%emt 00:00:26]}
Qe5+ {[%clk 00:48:38]} {[%emt 00:07:54]} 34. Kh1 {[%clk 00:16:48]} Qc7 {[%clk
00:48:43]} 35. Qa8+ {[%clk 00:16:44]} {[%emt 00:00:04]} Kh7 {[%clk 00:48:45]}
{[%emt 00:00:03]} 36. Qe8 {[%clk 00:16:55]} {[%emt 00:00:02]} g6 {[%clk
00:46:22]} {[%emt 00:01:14]} 37. Qe6 {[%clk 00:15:43]} {[%emt 00:01:42]} Nf4
{[%clk 00:45:25]} {[%emt 00:01:28]} 38. Qe1 {[%clk 00:15:10]} {[%emt 00:01:04]}
c5 {[%clk 00:43:39]} {[%emt 00:02:15]} 39. Qh4+ {[%clk 00:14:34]} {[%emt
00:01:06]} Kg8 {[%clk 00:43:53]} {[%emt 00:00:16]} 40. Qe1 {[%clk 00:13:03]}
{[%emt 00:02:00]} Qc6 {[%clk 00:38:05]} {[%emt 00:06:18]} 41. Qd2 {[%clk
00:09:27]} {[%emt 00:04:07]} Ne6 {[%clk 00:35:34]} {[%emt 00:03:00]} 42. Qd3
{[%clk 00:08:19]} {[%emt 00:01:39]} Qxg2+ {[%clk 00:35:48]} {[%emt 00:00:16]}
43. Kxg2 {[%clk 00:08:37]} {[%emt 00:00:12]} Nf4+ {[%clk 00:36:11]} {[%emt
00:00:06]} 44. Kf3 {[%clk 00:09:00]} {[%emt 00:00:07]} Nxd3 {[%clk 00:36:24]}
{[%emt 00:00:18]} 45. b3 {[%clk 00:09:17]} {[%emt 00:00:14]} Nc1 {[%clk
00:36:23]} {[%emt 00:00:31]} 0-1

[Event "ODJM A 2024"]
[Site "Willingen GER"]
[Date "2024.05.22"]
[Round "6"]
[White "Direk, Oguzhan"]
[Black "Andrade, Ruben"]
[Result "1-0"]
[Termination "normal"]
[Board "32"]
[WhiteElo "1767"]
[BlackElo "1968"]
[WhiteClock "00:38:51"]
[BlackClock "00:00:31"]
[PlyCount "49"]
[WhiteFideId "16294343"]
[BlackFideId "16246829"]
[EventCountry "GER"]
[EventRounds "9"]
[EventType "swiss"]
[EventDate "2024.05.18"]

1. d4 {[%clk 01:30:57]} {[%emt 00:00:01]} d5 {[%clk 01:30:53]} {[%emt
00:00:08]} 2. Nc3 {[%clk 01:30:34]} {[%emt 00:00:53]} Nf6 {[%clk 01:31:04]}
{[%emt 00:00:19]} 3. Bf4 {[%clk 01:30:58]} {[%emt 00:00:05]} a6 {[%clk
01:31:21]} {[%emt 00:00:15]} 4. e3 {[%clk 01:31:23]} {[%emt 00:00:05]} e6
{[%clk 01:31:44]} {[%emt 00:00:07]} 5. g4 {[%clk 01:31:49]} {[%emt 00:00:04]}
Bb4 {[%clk 01:31:55]} {[%emt 00:00:19]} 6. Bd3 {[%clk 01:30:06]} {[%emt
00:02:13]} c5 {[%clk 01:27:20]} {[%emt 00:05:05]} 7. dxc5 {[%clk 01:26:57]}
{[%emt 00:03:39]} Bxc3+ {[%clk 01:27:27]} {[%emt 00:00:23]} 8. bxc3 {[%clk
01:27:17]} {[%emt 00:00:10]} Qa5 {[%clk 01:26:42]} {[%emt 00:01:14]} 9. Nf3
{[%clk 01:24:26]} {[%emt 00:03:21]} Qxc3+ {[%clk 01:21:18]} {[%emt 00:05:55]}
10. Ke2 {[%clk 01:24:47]} {[%emt 00:00:08]} Qxc5 {[%clk 01:20:44]} {[%emt
00:01:05]} 11. Rb1 {[%clk 01:20:57]} {[%emt 00:04:20]} Nc6 {[%clk 01:17:07]}
{[%emt 00:04:07]} 12. Ne5 {[%clk 01:16:15]} {[%emt 00:05:12]} O-O {[%clk
01:12:18]} {[%emt 00:05:19]} 13. Qf1 {[%clk 01:11:19]} {[%emt 00:05:27]} Nb4
{[%clk 00:59:10]} {[%emt 00:13:37]} 14. Rxb4 {[%clk 01:00:53]} {[%emt
00:10:56]} Qxb4 {[%clk 00:59:29]} {[%emt 00:00:12]} 15. Qh3 {[%clk 01:01:18]}
{[%emt 00:00:04]} Ne4 {[%clk 00:58:13]} {[%emt 00:01:45]} 16. g5 {[%clk
00:57:37]} {[%emt 00:04:12]} Qd2+ {[%clk 00:53:33]} {[%emt 00:05:09]} 17. Kf3
{[%clk 00:42:57]} {[%emt 00:15:10]} Qxf2+ {[%clk 00:53:52]} {[%emt 00:00:11]}
18. Kg4 {[%clk 00:43:22]} {[%emt 00:00:05]} f5+ {[%clk 00:15:33]} {[%emt
00:38:49]} 19. Kh5 {[%clk 00:41:40]} {[%emt 00:02:13]} Nc5 {[%clk 00:02:23]}
{[%emt 00:13:40]} 20. Rf1 {[%clk 00:40:44]} {[%emt 00:01:25]} Qd2 {[%clk
00:02:28]} {[%emt 00:00:25]} 21. g6 {[%clk 00:40:59]} {[%emt 00:00:15]} h6
{[%clk 00:00:44]} {[%emt 00:02:14]} 22. Bxh6 {[%clk 00:37:40]} {[%emt
00:03:50]} gxh6 {[%clk 00:00:40]} {[%emt 00:00:34]} 23. Kxh6 {[%clk 00:38:08]}
{[%emt 00:00:02]} f4 {[%clk 00:00:31]} {[%emt 00:00:38]} 24. Kg5 {[%clk
00:38:24]} {[%emt 00:00:14]} Rf5+ {[%emt 00:00:30]} 25. Bxf5 {[%clk 00:38:51]}
{[%emt 00:00:02]} 1-0